|
|
|
|
| LEADER |
00000nam0a2200000 4500 |
| 001 |
334354 |
| 005 |
20231102004639.0 |
| 035 |
|
|
|a (RuTPU)RU\TPU\book\360435
|
| 090 |
|
|
|a 334354
|
| 100 |
|
|
|a 20170721d1964 km y0rusy50 ca
|
| 101 |
0 |
|
|a rus
|
| 102 |
|
|
|a RU
|
| 105 |
|
|
|a a z 001zy
|
| 200 |
1 |
|
|a Кулачковые механизмы
|f Н. И. Левитский
|
| 210 |
|
|
|a Москва
|c Машиностроение
|d 1964
|
| 215 |
|
|
|a 287 с.
|c ил.
|
| 320 |
|
|
|a Библиогр.: с. 265-284
|
| 606 |
1 |
|
|a Кулачковые механизмы
|x Анализ
|2 stltpush
|3 (RuTPU)RU\TPU\subj\16708
|9 42649
|
| 610 |
1 |
|
|a типы
|
| 610 |
1 |
|
|a кинематические характеристики
|
| 610 |
1 |
|
|a силовые характеристики
|
| 610 |
1 |
|
|a динамические характеристики
|
| 610 |
1 |
|
|a законы движения
|
| 610 |
1 |
|
|a размеры
|
| 610 |
1 |
|
|a профили
|
| 610 |
1 |
|
|a конструирование
|
| 675 |
|
|
|a 621.835
|v 4
|
| 700 |
|
1 |
|a Левитский
|b Н. И.
|
| 801 |
|
1 |
|a RU
|b 63413507
|c 20170721
|
| 801 |
|
2 |
|a RU
|b 63413507
|c 20201118
|g RCR
|
| 942 |
|
|
|c BK
|